000 00313nam a2200121Ia 4500
008 220204s9999 xx 000 0 und d
082 _a631.8:632.95(035)
_bMEI
100 _aMEISTER, Edward L
245 0 _aFarm chemicals handbook
260 _aWillanghby
_bMeister
_c1977
650 _aFarm chemicals
942 _cBK
999 _c24991
_d24991